000 00476nam a2200181 i 4500
001 bg
100 1 _aKUKIEŁKA, Leon
245 0 _aLaboratorium tłokowych silników spalinowych /
_cLeon Kukiełka, Józef Fleszar.
260 _aKoszalin,
_c1981.
650 9 _aSilniki spalinowe
655 _aPodręczniki akademickie
700 1 _aFLESZAR, Józef
040 _cBPK
041 _apol
080 _a621.4(075.8)
942 _cKS
008 s pl f |000 0 pol
999 _c978
_d978
856 _uhttp://koha.tu.koszalin.pl/cgi-bin/koha/opac-detail.pl?biblionumber=978
_yKatalog online BPK